Módulo I: guía para la elaboración, diseño y administración de proyectos (aspectos generales) /
保存先:
| 第一著者: | |
|---|---|
| フォーマット: | 図書 |
| 出版事項: |
San José, Costa Rica:
UNESCO/CAP,
sin fecha
|
| タグ: |
タグ追加
タグなし, このレコードへの初めてのタグを付けませんか!
|
MARC
| LEADER | 00000nam a22000007a 4500 | ||
|---|---|---|---|
| 003 | cru CRAI/IIS | ||
| 005 | 20221125151428.0 | ||
| 007 | ta | ||
| 008 | 180920 s.f. |||||r|||||||| ||spa|| | ||
| 040 | |c cru CRAI/IIS | ||
| 090 | |a 01.01.06 O32g | ||
| 100 | |a Guandalini, Bruno |9 7724 | ||
| 245 | 1 | |a Módulo I: |b guía para la elaboración, diseño y administración de proyectos (aspectos generales) / |c Bruno Guandalini | |
| 246 | |f Serie B: metodologías y técnicas específicas para la formulación y evaluación de proyectos en la esfera de la educación | ||
| 260 | |a San José, Costa Rica: |b UNESCO/CAP, |c sin fecha | ||
| 300 | |a 71 páginas: |b ilustraciones | ||
| 650 | 0 | 7 | |0 TESAUROS |
| 942 | |2 ddc |c LI |h 01.01.06 |i 02094 |6 010106_02094 | ||
| 999 | |c 41717 |d 41717 | ||
